[Event "Groningen"]
[Site "Groningen"]
[Date "1990.??.??"]
[Round "?"]
[White "Gulko, Boris F"]
[Black "Adams, Michael"]
[Result "1-0"]
[WhiteElo "2600"]
[BlackElo "2590"]
[Annotator "Schussler,H"]
[PlyCount "85"]
[EventDate "1990.12.??"]
[EventType "tourn"]
[EventRounds "9"]
[EventCountry "NED"]
[EventCategory "13"]
[SourceTitle "CBM 021"]
[Source "ChessBase"]
[SourceDate "1991.04.01"]
[SourceVersion "1"]
[SourceVersionDate "1991.04.01"]
[SourceQuality "1"]

1. e4 e5 2. Nf3 Nc6 3. Bb5 a6 4. Ba4 Nf6 5. O-O Be7 6. Re1 b5 7. Bb3 O-O 8. d4
d6 9. c3 Bg4 10. Be3 exd4 11. cxd4 Na5 12. Bc2 c5 13. dxc5 dxc5 14. Nbd2 Nd7 $5
(14... Nc6 {The usual move.} 15. Qe2 Re8 16. h3 Bh5 $13 {Van Riemsdijk-Campora,
Brazil 1989.}) 15. Bf4 $1 Re8 16. e5 Nf8 17. Be4 Rc8 18. Nf1 Ne6 19. Bg3 Nd4
20. Ne3 Bh5 21. Nf5 Bxf3 22. gxf3 Nac6 23. Rc1 Qd7 24. Nd6 Bxd6 25. exd6 $14
Ne6 26. Qd5 g6 27. Qd2 Kg7 28. Kg2 f6 29. Bxc6 Rxc6 30. Re2 Rcc8 31. Rce1 c4
32. h4 h5 33. a3 Rcd8 34. Qa5 Kf7 35. Qxa6 f5 36. Kh2 g5 (36... f4 37. Bxf4
Nxf4 38. Re7+ $18) 37. hxg5 Kg6 38. Qb6 f4 39. Rxe6+ Rxe6 40. Rxe6+ Qxe6 41.
Qxd8 fxg3+ 42. Kxg3 Qe5+ 43. Kg2 1-0

[Event "St Petersburg-ch"]
[Site "St Petersburg"]
[Date "1998.04.09"]
[Round "3"]
[White "Yemelin, Vasily"]
[Black "Solozhenkin, Evgeniy"]
[Result "0-1"]
[WhiteElo "2485"]
[BlackElo "2500"]
[Annotator "Solozhenkin,E"]
[PlyCount "78"]
[EventDate "1998.04.07"]
[EventType "tourn"]
[EventRounds "13"]
[EventCountry "RUS"]
[EventCategory "10"]
[SourceTitle "CBM 065"]
[Source "ChessBase"]
[SourceDate "1998.08.06"]
[SourceVersion "1"]
[SourceVersionDate "1998.08.06"]
[SourceQuality "1"]

1. e4 e5 2. Nf3 Nc6 3. Bb5 a6 4. Ba4 Nf6 5. O-O Be7 6. Re1 b5 7. Bb3 d6 8. c3
O-O 9. d4 Bg4 10. d5 Na5 11. Bc2 Qc8 12. h3 Bd7 13. Nbd2 c6 14. dxc6 Qxc6 15.
Nf1 Nc4 16. Ng3 Rfe8 17. a4 $146 (17. Bd3 {Nevostruev-Solozhenkin, 1992}) 17...
Rac8 $1 (17... h6 $2 18. Nh4 $16) (17... Nb6 18. a5 $5 Nc8 (18... Na4 19. Bxa4
bxa4 20. Bg5 {/\ Re1-e2-d2}) 19. Bg5 $14) 18. Ra2 $2 (18. b3 Nb6 19. a5 Na8 $15
{/\ Na8-c7-e6}) (18. axb5 axb5 19. b3 Nb6 20. Bd2 Ra8 $11) (18. Bd3 $5) 18...
Be6 $1 (18... h6 19. b3 Nb6 20. a5 Na8 21. Re3 Nc7 22. Ba3 Bf8 23. Bb1 Ne6 {
Cullip-Hebden,1990 0-1}) 19. Ng5 (19. axb5 axb5 20. b3 Nb6 21. Bd2 Na4 $17) (
19. Ra1 $5 h6 $15) 19... Ne3 20. Rxe3 Bxa2 21. axb5 axb5 22. b3 (22. Nf5 Be6
$17) 22... h6 23. h4 (23. Nf3 Bf8 {/\ d6-d5} 24. Rd3 Rcd8 $17 {/\ d6-d5}) 23...
hxg5 24. hxg5 Nh7 25. Nf5 g6 (25... Bxg5 26. Rg3 f6 27. Qh5 $40) (25... Bf8 26.
Qh5 g6 27. Qh4 $40) 26. Rh3 (26. Nh6+ Kg7 27. Nf5+ gxf5 28. exf5 Nxg5 $19 29.
Rg3) 26... Bf8 $1 (26... Bxg5 27. Rxh7 $1 Kxh7 28. Bxg5 $40) 27. Qg4 (27. Bd2
Rc7 28. Qg4 Qd7 (28... gxf5 $2 29. exf5 f6 30. gxf6+ Kh8 31. Qg6 Qd7 32. Rxh7+
Qxh7 33. Qxe8 Qf7 34. Qe6 $1 $13) 29. Qh4 (29. Qg3 gxf5 30. exf5 e4 31. g6 Bg7
$19) (29. Rh4 Bg7 30. Qh3 Nf8 31. g4 gxf5 32. exf5 e4 33. f6 Ng6 34. Rh7 Bf8
$19) 29... f6 $19) 27... Qxc3 $1 $19 28. Be3 $138 Qxc2 29. Kh2 (29. Qh4 Qd1+
30. Kh2 Qh5 $19) 29... Qc7 30. Bb6 (30. Qh4 f6 $19) 30... Qb7 31. Ne3 Rc3 $138
(31... Bxb3 32. Qh4 f6 33. Ng4 fxg5 34. Nf6+ Nxf6 $19) 32. Rxh7 Kxh7 33. Qh4+
Kg8 34. Ng4 Re6 35. Bd8 Qxe4 36. Nf6+ Rxf6 37. Qxe4 Rxf2 38. Bf6 Rcc2 39. Qa8
Rxg2+ $138 0-1

[Event "EU-Cup 17th"]
[Site "Panormo"]
[Date "2001.09.25"]
[Round "3.1"]
[White "Ponomariov, Ruslan"]
[Black "Svidler, Peter"]
[Result "1/2-1/2"]
[WhiteElo "2684"]
[BlackElo "2695"]
[Annotator "Stohl,I"]
[PlyCount "55"]
[EventDate "2001.09.22"]
[EventType "team-swiss"]
[EventRounds "7"]
[EventCountry "GRE"]
[SourceTitle "CBM 084 Extra"]
[Source "ChessBase"]
[SourceDate "2001.10.26"]
[SourceVersion "1"]
[SourceVersionDate "2001.10.26"]
[SourceQuality "1"]
[WhiteTeam "Donetsk"]
[BlackTeam "St Petersburg"]
[WhiteTeamCountry "UKR"]
[BlackTeamCountry "RUS"]

1. e4 e5 2. Nf3 Nc6 3. Bb5 a6 4. Ba4 Nf6 5. O-O Be7 6. Re1 b5 7. Bb3 O-O 8. d4
$5 {This also belongs to the Anti-Marshall continuations, such as} (8. a4) (8.
h3 {or}) (8. d3) 8... d6 {The safest.} (8... exd4 $2 9. e5 Ne8 10. Bd5 $16 {
()[+]}) ({Black's main alternative is} 8... Nxd4 {when White has to choose
whether to gain, or sacrifice a P:} {More ambitious is} 9. Nxd4 (9. Bxf7+ Rxf7
10. Nxe5 Rf8 $1 {[]} (10... Nc6 $2 11. Nxf7 Kxf7 12. e5 Ng8 (12... Ne8 13. Qd5+
Kf8 14. Re3 $18 {->}) 13. Qh5+ Kf8 14. Qf5+ $1 Ke8 15. Qxh7 $18) 11. Qxd4 c5 (
11... Bb7 $132) 12. Qd1 Bb7 $44 {leads to positions, where Black has a lot of
play for the minimal investment, this guarantees him at least equality.}) 9...
exd4 10. e5 Ne8 11. c3 $5 ({without the pair of N Black gets good piece play
after} 11. Qxd4 Bb7 12. c4 bxc4 13. Qxc4 d5 14. exd6 Nxd6 15. Qg4 Bf6 16. Nc3
Nb5 $1 17. Nxb5 axb5 18. Bf4 c5 19. Rad1 Qc8 20. Qxc8 Raxc8 $11 {Polgar,J-Nunn,
J/Hastings/1992/}) 11... dxc3 12. Nxc3 $32 d6 13. Qf3 Be6 14. Nd5 Rc8 15. Bf4
Bg5 16. Rad1 Kh8 17. Bc2 {Gurevich,I-Nunn,J/Hastings/1992/} g6 $44) 9. c3 {
With this the game transposes from C88 to the index C91, but this is more or
less forced. Black already wanted to take on d4 and} (9. dxe5 Nxe5 10. Nxe5
dxe5 $11 {leads only to a sterile position.}) 9... Bg4 10. d5 {Nowadays White
counter the pressure against d4 radically.} ({The other move} 10. Be3 {has
somehow went out of fashion.} Bh5 $5 {/\} ({also the more usual} 10... exd4 11.
cxd4 Na5 12. Bc2 c5 {is quite reliable}) 11. Nbd2 d5 $5 12. exd5 Nxd5 13. dxe5
Nxe5 14. Bg5 Nd3 15. Bxd5 Bxg5 16. Bxa8 Nxe1 17. Qxe1 Bxd2 $11 {Chandler,
M-Romanisin,O/Leningrad/1987/}) 10... Na5 11. Bc2 {[%csl Gc2] Although
formally the Bc2 is a bad B, it's worth preserving, as Black will sooner or
later have to move his c-pawn. Then both dxc6 or cxd5 will open up new
perspectives for the Spanish B, which even in this game will play a major role.
} Qc8 $5 {Black makes a useful move, as White can't prevent the liberating c6
anyway. The text has become very popular on the highest level and is gradually
pushing out the older} (11... c6 12. h3 (12. dxc6 Qc7 {is less flexible, as
after} 13. h3 Be6 {the B retreats to a better sqaure.}) 12... Bc8 (12... Bxf3
13. Qxf3 cxd5 14. exd5 Nc4 15. Nd2 Nb6 16. Nf1 {is rarely played, as taking
the P with} Nbxd5 $6 17. Ng3 Nc7 18. Nf5 Ne6 19. a4 {|^}) (12... Bd7 $6 13.
Nxe5 $1 dxe5 14. d6 $14 {[%csl Gc1,Gc2] ^^}) 13. dxc6 Qc7 14. Nbd2 Qxc6 15. Nf1
Nc4 16. Ng3 Re8 17. a4 $5 (17. Qe2 Be6 18. Bd3 h6 19. Nh2 Rad8 20. a4 $6 {
Movsesian,S-Nunn,J/Hastings/1996/} bxa4 $1 21. Bc2 Nb6 $15) {with a chance to
gain some edge after the main replies} 17... Be6 ({or} 17... Bb7 18. Qe2 Bf8
19. Bd3) 18. Ng5) 12. Nbd2 $1 {A rare, but tricky move, which will perhaps
become more popular after this game.} ({White usually interpolates} 12. h3 {
Now on h5 the B is misplaced and quickly just becomes a target for the N after
Nbd2-f1-g3. So logical is} Bd7 13. Nbd2 c6 14. dxc6 ({Here after} 14. b4 Nb7
15. dxc6 Qxc6 16. Bb2 {the strong manoeuvre} Nd8 $1 17. Bd3 Ne6 $11 {/=/+})
14... Qxc6 15. Nf1 Nc4 (15... Rac8 16. Ng3 Rfe8 17. a4 Bd8 18. axb5 axb5 19.
Qe2 Qb6 20. Bd3 Qb8 21. Bg5 Nb3 22. Rad1 h6 23. Be3 Nc5 24. Nh4 Nd5 $1 25. exd5
Nxd3 26. Rxd3 Bxh4 27. Qh5 e4 $2 (27... Bxg3 $142 28. Bxh6 $5 Bf4 29. Rg3 Bxh6
$1 30. Qxh6 g6 31. Rxg6+ fxg6 32. Qxg6+ Kh8 33. Re4 Rc4 $11) 28. Rd4 Bxg3 29.
fxg3 Re5 30. Qe2 Ree8 31. g4 $16 {[%csl Rb5,Rd6,Re4] ><e4,b5,d6,Movsesian,
S-Adams,M/Bundesliga 9899/1998/}) 16. Ng3 g6 17. Qe2 (17. a4 $142 {Movsesian})
(17. Nh2 $5) 17... Rfe8 18. a4 Bf8 19. Nh2 Be6 20. Qf3 Bg7 21. Rd1 h5 $1 22.
Bg5 Nh7 23. Bc1 Nf6 $11 {Movsesian,S-Bacrot,E/Sarajevo/2000/}) 12... c6 13. b4
Nb7 (13... cxd5 14. bxa5 Qxc3 15. Rb1 Rac8 16. Bb3 dxe4 17. Nxe4 Nxe4 18. Rxe4
Bf5 19. Re3 Qxa5 20. Bd2 Qb6 21. Rc1 Rxc1 22. Qxc1 Rc8 23. Rc3 $14 {Ehlvest,
J-Magerramov,E/Dubai op/2001/}) 14. dxc6 {The Nb7 is usually a source of
trouble for Black in the Ruy Lopez (or even in other openings, as the King's
Indian). But this goes for positions with the closed [+], where the N has no
perspective and even after the long and time-consuming manoeuvre Ne8,g6,Ng7,
Nd8,f6,Nf7 it remains passive. Here the N has a nice square on e6 and White
can't lock it in even after} (14. c4 Bxf3 $5 (14... a5 $5 {/\} 15. dxc6 Qxc6
16. cxb5 Qc3 $5 17. Rb1 Rfc8 $36) (14... cxd5 15. cxd5 a5 $11) (14... c5 $11)
15. Qxf3 bxc4 16. Re3 a5 $13) 14... Qxc6 15. Bb2 Nd8 {Consistent, but maybe
here on should search for alternatives as} (15... Rfe8 {or}) (15... Bd8 $5 {
/\Bb6~~}) 16. Nf1 {This was White's idea. Once Black finishes his intended N
manoeuvre, his B will stay sidelined on the >>.} Ne6 17. Ne3 $6 {Logical, but
better seems} (17. h3 $142 $5 Bh5 (17... Bxf3 18. Qxf3 $36 {/\} Nd4 19. cxd4
Qxc2 20. Re2 $16 {[%cal Rf1e3,Re3f5] /\Ne3-f5->}) 18. Ng3 Bg6 19. Nh4 $14 {
with a pleasant position, the Bg6 is misplaced.}) 17... Bh5 (17... Bxf3 $6 18.
Qxf3 Ng5 19. Qe2 $16 {/\} Ngxe4 $2 20. Nf5 $16) 18. Nf5 ({A tempting
alternative was} 18. Nd5 {And finally interesting is also} Qe8 $5 {[%cal Rf6d5,
Re6g5] /\Nd5,Ng5} ({The move from the game} 18... Rfe8 $2 {fails to} 19. Nxe5
$1 dxe5 (19... Bxd1 20. Nxc6 $16) 20. Nxf6+ Bxf6 21. Qxh5 $16) (18... Qb7 19.
Bb3 {forces Black to invest another tempo with} Rad8 $13 {but Ng5 is still in
the air and the pin is unpleasant, because} 20. Qd3 $6 Nxd5 21. Bxd5 Nf4 $1 $15
{favours Black.}) 19. Nxf6+ Bxf6 {/\} 20. Qxd6 $2 Bxf3 21. gxf3 Qc8 $1 $40)
18... Rfe8 19. Bb3 {[%cal Rb3d5] /\Bd5} Ng5 {[%mdl 64] Prompted by White's
threat Black starts to act, provoking a short, but sharp tactical shootout.} ({
The main alternative to the text was} 19... Nf4 $5 {The passive} 20. Ng3 (20.
g3 Nh3+ 21. Kg2 Ng5 (21... Bxf3+ $6 22. Qxf3 Ng5 23. Qd3 Ngxe4 24. Rxe4 $1
Qxe4+ 25. Qxe4 Nxe4 26. Bd5 $14) 22. Nxg5 Bxd1 23. Raxd1 $15 {leads to a
similar position as in the game, but here White's K is misplaced and also the
3-rd rank is closed for R manoeuvres.}) 20... Bg6 $15 {is not too enticing
either.}) ({The quiet} 19... Rac8 $13 {is interesting as well.}) 20. Nxg5 $1 {
[]} Bxd1 21. Raxd1 {White is in no hurry.} (21. Bxf7+ Kf8 22. Raxd1 h6 $5 (
22... Reb8 23. Bb3 $44 g6 24. Nxe7 Kxe7 25. Nf7 Rf8 26. Rxd6 Qc8 27. Re6+ Kxf7
28. Rc6+ $11) 23. Bxe8 Nxe8 24. Nf3 g6 $1 (24... Nf6 $2 25. N3h4 $1 $18) 25.
Nxe7 (25. Nxh6 Nf6 26. Ng5 Kg7 27. Nhf7 Rf8 $17) 25... Kxe7 $11 {/=/+}) 21...
h6 $1 {Frees a relatively safe square for the K and forces White to declare
his intentions.} ({Black couldn't safely protect f7 anyway,} 21... d5 $2 22.
Nxf7 $1 (22. exd5 Qc8 23. Nxe7+ Rxe7 24. d6 Rd7 $13 {is less convincing}) 22...
Kxf7 23. exd5 {[%cal Rd5d6] /\d6->}) 22. Nxf7 {Rightly keeps the tension.} (22.
Bxf7+ {-21.Bxf7+}) 22... Kh7 23. Rd3 (23. N7xd6 $2 Bxd6 24. Rxd6 Qc7 {/\Red8-/+
}) 23... Bf8 24. Rh3 d5 {Closing the /^ a2-g8 allows a perpetual, but Black
hardly had more, e.g. the "ambitious"} (24... g6 $2 {runs into} 25. N7xh6 $1
gxf5 26. Nxf5+ Kg6 27. Rg3+ Kh7 28. Bf7 Bh6 (28... Kh8 29. Rh3+ Nh7 30. Ree3 $1
d5 31. Reg3 $18) 29. Rh3 Ng4 30. Bc1 Rf8 31. Bg6+ $1 $18) 25. Ng5+ Kh8 $8 (
25... Kg8 $2 26. exd5 {/\} Nxd5 27. Ne3 $18) (25... Kg6 $2 26. Nh4+ Kh5 (26...
Kxg5 27. Bc1+ Kh5 28. Bd1+ Ng4 29. Bxg4+ Kxg4 30. f3+ Kh5 31. g4#) 27. Nh7 $1
$18 {->}) 26. Nf7+ Kh7 (26... Kg8 $2 27. exd5 Qd7 (27... Nxd5 28. Rd1 $18) 28.
d6 $40) 27. Ng5+ Kh8 28. Nf7+ 1/2-1/2

[Event "Dortmund-B"]
[Site "Dortmund"]
[Date "1991.??.??"]
[Round "4"]
[White "Vogt, Lothar"]
[Black "Geller, Efim P"]
[Result "1-0"]
[WhiteElo "2510"]
[BlackElo "2525"]
[Annotator "Stohl,I"]
[PlyCount "78"]
[EventDate "1991.03.23"]
[EventType "tourn"]
[EventRounds "9"]
[EventCountry "GER"]
[EventCategory "10"]
[SourceTitle "CBM 023"]
[Source "ChessBase"]
[SourceDate "1991.08.01"]
[SourceVersion "1"]
[SourceVersionDate "1991.08.01"]
[SourceQuality "1"]

1. e4 {Schussler} e5 2. Nf3 Nc6 3. Bb5 a6 4. Ba4 Nf6 5. O-O Be7 6. Re1 b5 7.
Bb3 O-O 8. d4 (8. c3 d6 9. h3 Bb7 10. d4 Re8 11. Nbd2 Bf8 12. a4 h6 13. Bc2
exd4 14. cxd4 Nb4 15. Bb1 g6 $5 {N} 16. Ra3 Bg7 17. Nh2 c5 18. d5 c4 19. Ndf1
Nd3 20. Bxd3 b4 21. Ra1 cxd3 22. Ng3 Rc8 $146 {Nunn,J-Razuvaev,Y,Dortmund-A (7)
1991}) 8... d6 (8... Nxd4 9. Bxf7+ Rxf7 10. Nxe5 Rf8 $1 11. Qxd4 c5 $146) 9. c3
Bg4 10. d5 Na5 11. Bc2 c6 12. h3 Bxf3 (12... Bd7 $6 13. Nxe5 dxe5 14. d6 $14 {
^^}) (12... Bc8 13. dxc6 Qc7 14. Nbd2 Qxc6 15. a4 Be6 16. Ng5 Bd7 17. Nf1 h6
18. Nf3 Rfb8 $10 {Huebner,R-Wahls,M,BL 90/91}) 13. Qxf3 cxd5 14. exd5 Rc8 (
14... Nc4 15. Nd2 Nb6 16. Nf1 Qc7 $5 17. Ng3 g6 18. Bh6 Rfc8 $13 {Timman,
J-Huebner,R/Wijk aan Zee/1979/}) 15. Nd2 (15. b4 {Schussler} Nc4 16. a4 Qc7 17.
Rd1 Rfe8 18. Na3 Qb7 $10 {Szabo-Lengyel, Solingen 1968}) 15... g6 $6 (15... b4
$6 16. Bf5 bxc3 $2 17. Bxc8 cxd2 18. Bxd2 Nc4 19. Bg5 Qxc8 20. Rac1 $18) (15...
Nc4 $8 16. Nf1 Nb6 $13) 16. b4 $1 Nc4 17. Nxc4 Rxc4 (17... bxc4 $2 18. Bh6 Re8
19. Ba4 Nd7 20. Bc6 $18) 18. a4 $5 {N} (18. Bd2 Nh5 19. Bd3 Rc7 20. a4 $14 {
Tseshkovsky,V-Belyavsky,A,UdSSR (ch) 1976}) 18... Nh5 19. axb5 axb5 20. Bh6 Re8
(20... Ng7 21. Ra3 $1 (21. Ra5 Bg5 $132 {><c3}) 21... f5 (21... Qc7 22. Bd2 {
/\Bd3}) (21... Bg5 22. Bxg5 Qxg5 23. Bd3 Qd2 24. Qe2 $18) 22. Bd3 $1 e4 23. Qe2
$16) 21. Ra7 $1 Rc7 (21... Qc8 22. Bd2 f5 (22... Nf4 23. g3 $1 Nxh3+ 24. Kg2 {
/\Rh1+-}) 23. Qe2 e4 24. Bb3 $16) 22. Rea1 Bf6 {/\e4} (22... Qb8 23. Rxc7 Qxc7
24. Ra5 Rb8 25. Bd2 {><b5}) 23. Bd2 Rxa7 24. Rxa7 Rf8 25. Bd3 Nf4 (25... Bg5
26. Bxg5 Qxg5 27. Bxb5 $18) 26. Bf1 (26. Bxb5 $2 Qb8 27. Ra5 Bd8) 26... Bg5 27.
Be3 Qc8 28. c4 $1 $18 (28. g3 $2 Qxc3 29. gxf4 (29. Qd1 Nxh3+ $1 30. Bxh3 Bxe3)
29... exf4 30. Qg4 fxe3 31. Qxg5 exf2+ $13) 28... bxc4 29. g3 c3 30. gxf4 exf4
31. Bc1 Re8 32. Ra3 c2 $6 $138 (32... Bf6 33. Qxf4 $18) 33. Rc3 Qb7 34. b5 Re1
(34... Rc8 35. Rc6) 35. Rxc2 Bf6 (35... Qxb5 $2 36. Rc8+ Kg7 37. Qc3+) 36. Bd2
Rb1 37. Rc1 Rxc1 38. Bxc1 g5 39. Qe4 Qb6 {Zeit [Stohl]} 1-0

[Event "EU-ch 13th"]
[Site "Plovdiv"]
[Date "2012.03.23"]
[Round "4"]
[White "Sutovsky, Emil"]
[Black "Grigoriants, Sergey"]
[Result "1-0"]
[WhiteElo "2700"]
[BlackElo "2561"]
[Annotator "Sutovsky,E"]
[PlyCount "67"]
[EventDate "2012.03.20"]
[EventType "swiss"]
[EventRounds "11"]
[EventCountry "BUL"]
[SourceTitle "CBM 148"]
[Source "ChessBase"]
[SourceDate "2012.05.16"]
[SourceVersion "1"]
[SourceVersionDate "2012.05.16"]
[SourceQuality "1"]

1. e4 e5 {Sergey is a very solid player, who usually employs the Caro-Kann or
1...e5 against stronger opposition, keeping an option of 1...c5 for a more
aggressive approach. Such a wide repertoire is a good thing, but it has some
drawbacks as well - you can't have a profound knowledge everywhere... (well,
unless you are a 2750+ player).} 2. Nf3 Nc6 3. Bb5 a6 4. Ba4 Nf6 5. O-O Be7 6.
Re1 b5 7. Bb3 d6 8. c3 O-O 9. d4 {Quite a dangerous system. I play it
occasionally, and not without some success.} Bg4 10. Be3 Bh5 {Rare move, but
quite a good one. The most popular continuation here is 10...exd4 11.cxd4 Na5,
which leads to complex play. Official theory promises Black an easy life there,
but I am not convinced...} 11. h3 (11. Nbd2 exd4 {or even 11...d5!?} 12. cxd4
Nb4 {seems to be OK for Black.}) 11... Bg6 {This dubious move was played after
very long (about half an hour!) thought. After the game Sergey told me, that
he never seriously analysed this line. It was Alexander Morozevich, who showed
the strongest way for Black, facing me in the Russian Team Championship, just
a couple of weeks after the present game:} (11... exd4 12. cxd4 Na5 13. Bc2 Nc4
14. Bc1 d5 {and the position remains unclear, but Black's chances are quite
decent.}) 12. Nbd2 Qd7 (12... Nxe4 13. Bd5 Nxd2 14. Bxd2 Qd7 15. dxe5 {clearly
favours White, however, Black should have considered}) (12... exd4 13. cxd4 (
13. Nxd4 $5 Nxd4 14. Bxd4 c5 15. Bxf6 Bxf6 16. Bd5 {also might be not so
pleasant for Black}) 13... Nb4 {although after} 14. Qe2 c5 15. a3 Nc6 16. Bc2 {
I prefer White.}) 13. Nh4 $1 {A powerful resource.} ({After the automatic} 13.
Bc2 {White is slightly better, but Black is very solid, and can preserve the
balance with the prophylactic} h6) 13... d5 $6 {Avoiding the principled
continuation.} ({Let's see what could have happened after the most logical and
objectively strongest} 13... Bxe4 $1 14. Nxe4 (14. Bg5 Bd5 {is OK for Black}) (
14. dxe5 Nxe5 $1 15. Nxe4 Nxe4 16. Bd5 Nxc3 $1 17. bxc3 c6 {is good for Black})
(14. dxe5 Nxe5 15. Nxe4 Nxe4 16. Nf3 Nf6 $11) 14... Nxe4 15. Bd5 {here Black
has to find the only way again} Bxh4 $1 (15... Nf6 16. Nf5 Qxf5 17. Bxc6 Rab8
18. Qd2 {when White's powerful bishop on c6 just cuts the board in two. Next
White will play a2-a4, and Black has just to stand and wait for the execution.}
) 16. Bxe4 f5 $1 {once again, the only way} 17. Bd5+ Kh8 18. Qh5 (18. g3 f4)
18... Be7 (18... Bf6 19. dxe5 dxe5 20. Rad1 $16) 19. Bf4 $1 Bf6 20. dxe5 dxe5
21. Bxc6 Qxc6 22. Bxe5 Kg8 {Black is a bit worse, but should be able to hold
it.}) 14. Nxg6 hxg6 15. exd5 Nxd5 16. dxe5 Nxe5 17. Bc5 {A tempting
continuation. However, there was an objectively stronger way:} (17. Bd4 Nc6 18.
Nf3 Rad8 {and now the move, which I underestimated (small wonder, it is purely
machine-like),} 19. Be5 $1 {White retains two bishops (and the one on b3 is
extremely powerful) and a serious advantage.}) 17... Nd3 $1 18. Bxe7 Nxe7 19.
Nf3 Rad8 20. Re4 $5 {A quite unpleasant move.} ({The most natural} 20. Re2 {
is answered by} c5 21. Rd2 c4 22. Bc2 Nc6 {Black will have to sacrifice a pawn,
but he'll manage to ruin my queenside by playing b5-b4-bxc3. I wasn't sure
about my winning chances there. With the text move I keep the tension on board,
whereas my opponent was already in severe time trouble.}) 20... Nc6 (20... c5
21. Qe2 Nc6 22. Rd1 c4 23. Bc2 {is probably not as bad for Black, as it looks,
but it does look very scary.}) (20... Nf5 {was another option, but after} 21.
Ne5 (21. Qe2 Nc5 22. Re5 {also puts Black under the pressure}) 21... Nxe5 22.
Rxe5 {Black's defensive task would be neither simple nor pleasant.}) 21. Qe2
Nc5 22. Re3 {The position looks not too bad for Black, but in fact, he has
very serious problems. Sergey decides not to take on b3.} Qf5 ({Of course, he
would love to eliminate this annoying bishop, but after} 22... Nxb3 23. axb3
Ra8 24. b4 {Black's position is rather pitiful.} (24. Ng5 $5 {is more direct
approach})) 23. Bc2 Qf6 24. a4 {Opening the second front.} ({Another
possibility was to play} 24. Re1 {establishing the control over the e-file,
and preparing an assault on the kingside, but I decided to create for Black an
additional weakness on the queenside, thus his pieces will be distracted from
guarding the monarch.}) 24... Rb8 {Very passive. But before playing 24.a4 I
made sure, that the active counterplay doesn't work:} (24... Ne6 25. axb5 Nf4
26. Qf1 axb5 27. Ra6 $1 (27. Qxb5 {is also not too bad.}) 27... Nd5 28. Re4 {
and Black's queenside will be smashed soon.}) 25. axb5 axb5 26. Ne5 (26. Nh2 $1
{would be the most accurate, although the move in the text doesn't spoil much.}
) 26... b4 $6 (26... Nxe5 27. Rxe5 Ne6 {was the best practical chance. Still,
after} 28. Rxb5 Nf4 29. Qc4 {Black doesn't have sufficient compensation for
the pawn, as he can't create any serious threats to the white king.}) 27. Ng4
$1 Qg5 28. Qc4 $1 {Now White is winning, but of course some precision is
required.} Rfd8 29. Rae1 Na5 30. Qe2 Nc6 {Here White has a lot of tempting
possibilities, but I was looking for a direct win. Luckily, I managed to
discover a beautiful combination:} 31. Qf3 $1 Qd5 32. Re8+ Kh7 33. R1e5 $3 {
The point!} Nxe5 (33... Qxf3 34. Rh5#) 34. Nf6+ {Black resigned, as he gets
mated:} (34. Nf6+ gxf6 (34... Kh6 35. Ng8+ Kg5 (35... Kh7 36. Qh5#) 36. Rxe5+
Qxe5 37. Qg4#) 35. Qh5+ Kg7 36. Qh8#) 1-0